|
|
|
|
| LEADER |
02203nam a2200613 aa4500 |
| 001 |
nkc20112173330 |
| 003 |
CZ PrNK |
| 005 |
20220629090015.0 |
| 007 |
ta |
| 008 |
110308s2007 xr abh e 000 0acze |
| 015 |
|
|
|a cnb002173330
|
| 020 |
|
|
|a 978-80-903907-1-3
|q (1. díl ;
|q brož.)
|z 978-80-903-9071-3
|
| 035 |
|
|
|a (OCoLC)724298754
|
| 040 |
|
|
|a OLA001
|b cze
|
| 043 |
|
|
|a e-xr---
|a x------
|
| 072 |
|
7 |
|a 91
|x Geografie jako věda. Výzkum. Cestování
|2 Konspekt
|9 7
|
| 072 |
|
7 |
|a 929
|x Biografie
|2 Konspekt
|9 8
|
| 080 |
|
|
|a 910.4-051
|2 MRF
|
| 080 |
|
|
|a 929
|2 MRF
|
| 080 |
|
|
|a 910.4(100)
|2 MRF
|
| 080 |
|
|
|a 910.3/.4
|2 MRF
|
| 080 |
|
|
|a 908(100)
|2 MRF
|
| 080 |
|
|
|a (437.3)
|2 MRF
|
| 080 |
|
|
|a (0:82-992)
|2 MRF
|
| 080 |
|
|
|a (0:82-94)
|2 MRF
|
| 100 |
1 |
|
|a Albrecht, Jiří,
|d 1951-
|7 mzk2005312940
|4 aut
|
| 245 |
1 |
0 |
|a Sedm let cesty k lidem /
|c Jiří Albrecht
|
| 246 |
3 |
|
|a 7 let cesty k lidem
|
| 250 |
|
|
|a 2. vyd.
|
| 260 |
|
|
|a [Neratovice] :
|b LiberaBooks,
|c 2007
|
| 300 |
|
|
|a 1 sv. :
|b il., mapy, faksim. ;
|c 17 cm
|
| 490 |
1 |
|
|a Prožito
|
| 500 |
|
|
|a Označení dílu na obálce a v tiráži
|
| 505 |
1 |
|
|a díl I. 2007. 226 s.
|
| 600 |
1 |
7 |
|a Albrecht, Jiří,
|d 1951-
|7 mzk2005312940
|2 czenas
|
| 648 |
|
7 |
|a 20.-21. století
|7 ch462155
|2 czenas
|
| 650 |
0 |
7 |
|a cestovatelé
|7 ph119109
|z Česko
|y 20.-21. století
|2 czenas
|
| 650 |
0 |
7 |
|a cesty kolem světa
|7 ph119117
|y 20.-21. století
|2 czenas
|
| 650 |
0 |
7 |
|a mořeplavectví
|7 ph115370
|2 czenas
|
| 650 |
0 |
9 |
|a travellers
|z Czechia
|y 20th-21st centuries
|2 eczenas
|
| 650 |
0 |
9 |
|a travels around the world
|y 20th-21st centuries
|2 eczenas
|
| 650 |
0 |
9 |
|a seafaring
|2 eczenas
|
| 651 |
|
7 |
|a země světa
|7 ge131523
|x reálie
|2 czenas
|
| 651 |
|
9 |
|a countries of the world
|x history and geography
|2 eczenas
|
| 655 |
|
7 |
|a cestopisy
|7 fd131956
|2 czenas
|
| 655 |
|
7 |
|a autobiografické vzpomínky
|7 fd131854
|2 czenas
|
| 655 |
|
9 |
|a books of travels
|2 eczenas
|
| 655 |
|
9 |
|a autobiographical reminiscences
|2 eczenas
|
| 830 |
|
0 |
|a Prožito
|0 s
|
| 910 |
2 |
|
|a BOA001
|b 1-1264.293
|s 1-
|
| 990 |
|
|
|a BK
|
| 995 |
|
|
|a 01
|
| 991 |
|
|
|b 201104
|c NOV
|e n
|
| 996 |
6 |
|
|b 2610473512
|c 1-1264.293
|d 1. díl
|v 1
|l MZK
|r Sklad / do 1 hodiny
|n 0
|p p.v.
|w 001173428
|u 000010
|a 1
|e BOA001
|j MZK50
|s P
|